Biology General Knowledge - Statistics

General Stats
  • This quiz has been taken 2,631 times
  • The average score is 11 of 20
Answer Stats
Question Answer % Correct
How many chambers does the human heart have? 4
96%
Which animal has the scientific name of Homo sapiens? Human
95%
What do vertebrates have that invertebrates don't? vertebra
84%
Which of the following is totipotent: Stem Cell, Sperm Cell, or Fat Cell? stem cell
78%
What is the largest artery in the human body? Aorta
74%
Animal:Fauna::Plant:___ flora
71%
What is the topmost layer of the skin? epidermis
67%
Marsupials (pouched animals) are endemic to this continent. Australia
65%
Which part of the female reproductive system is solely dedicated for pleasure? clitoris
64%
According to US textbooks, how many kingdoms are there? 6
61%
What is the driest biome? desert
61%
These are specialized cells transmitting nerve impulses. neurons
55%
What does the large intestine primarily absorb? water
55%
In Gallicolumba luzonica , which is the genus? Gallicolumba
52%
This transport tissue found in vascular plants transport water from the roots to the other parts of the plant. xylem
50%
Where are growth hormones produced? pituitary gland
33%
Ichthyology is the study of ___? fish
27%
What part of neurons speeds up the transmission of impulses? myelin sheath
19%
What is the reverse process of photosynthesis? cellular respiration
18%
Who is this philosopher regarded as the father of Biology? Aristotle
12%
No matching quizzes found
Score Distribution
Percent of People with Each Score
Percentile by Number Answered
Your Score History
You have not taken this quiz